名古読み - Statistics

General Stats
  • This quiz has been taken 81 times
  • The average score is 3 of 6
Answer Stats
地名 読み % Correct
愛知県"名古屋"市 なごや
100%
長野県飯田市"名古山" なごやま
61%
東京都八丈町"名古の展望" なごのてんぼう
61%
長野県飯田市"名古熊" なごくま
53%
新潟県阿賀町"名古津" なこづ
51%
神奈川県秦野市"名古木" ながぬき
8%
No matching quizzes found
Score Distribution
Percent of People with Each Score
Percentile by Number Answered
Your Score History
You have not taken this quiz